Протокол № 195 заседания Совета Труда и Обороны от 4 марта 1921 года и материалы к протоколу

Доступно только в Электронных читальных залах Найти на картеНа карте
RUSMARC
00004023nac2a22002891x 450
001f0af144f-4a88-47d4-b2d1-e64b3edb6503
00520160514052200.0
100##$a20160331l19211921k y0rusy50 ca
1010#$arus
102##$aRU
105##$ay z |||||
1222#$ad19210304
$ad19210325
1220#$ad19210304
2001#$aПротокол № 195 заседания Совета Труда и Обороны от 4 марта 1921 года и материалы к протоколу
$j4-25 марта 1921
215##$a39 листов
251##$cДело
300##$aЗаголовок дела на папке: Протокол № 195 заседания Совета Труда и Обороны от 4 марта 1921 года (копия) и материалы к протоколу
300##$aМашинописный текст
324##$aВ деле имеются копии отдельных документов
330##$aВходит в раздел описи: Управление Делами Секретариат. I. Протоколы. д/ Протоколы СТО
461#0$1001ad6baeac-e292-4829-90d1-2f4f65796a62
$12001
$aСОВЕТ НАРОДНЫХ КОМИССАРОВ РСФСР (СНК РСФСР)
$1251
$cФонд
$1852
$j130
$gР
462#0$1001749580a7-5abb-40c4-a39c-e540631a040a
$12001
$a1921 г.
$vД. 379
$1251
$cОпись
$1852
$j5
5171#$aПротокол № 195 заседания Совета Труда и Обороны от 4 марта 1921 года (копия) и материалы к протоколу
60101$3RU\NLR\AUTH\661074810
$aРСФСР
$bСовет Народных Комиссаров
801#0$aRU
$bGA_RF
801#1$aRU
$bНПО Опыт
$c20160331
$2rusmarc
801#2$aRU
$bПБ им. Б.Н. Ельцина
$c20160514
$gRCR
$2rusmarc
852##$aГА РФ
$j379
937##$d74452318
$hПБ
035##$aRuPRLIB51037922
Формат отображения